000 00643nam a2200229Ia 4500
001 16785
003 GE_BSU
008 181216s||||||||xx |||||||||||||| ||und||
040 _cGE_BSU
080 _a821.161.1-31
100 _aჩაკოვსკი, ალ.
245 _aბლოკადა. წ. 3.
245 _bრომანი
245 _cთარგმნა ივ. გოგილაშვილმა
260 _aცხინვალი
260 _bირისთონი
260 _c1979
300 _a286 გვ.21სმ
653 _aბლოკადა
653 _aრომანი
942 _cBK
999 _c49850
_d49850